| 000 | 00842nam a2200265 i 4500 | ||
|---|---|---|---|
| 001 | 129105 | ||
| 003 | ES-MaACL | ||
| 005 | 20250918063035.0 | ||
| 007 | t| | ||
| 008 | 070605s1970 sp ||||1| spa d | ||
| 080 | _a21 | ||
| 080 | _a234.2 | ||
| 100 | 1 |
_aTeilhard de Chardin, Pierre, _d1881-1955 _9109521 |
|
| 245 | 1 | 0 |
_aComo yo creo / _cPierre Teilhard de Chardin ; prólogo de N.M. Wildiers ; versión de Francisco Pérez Gutiérrez. |
| 250 | _a[1ª ed.]. | ||
| 260 |
_a[Madrid : _bTaurus, _c1970] |
||
| 300 |
_a274 p. ; _c21 cm. |
||
| 490 | 1 |
_aEnsayistas de hoy ; _v67 |
|
| 650 | 1 | 7 |
_aTeología _2embne _917457 |
| 700 | 1 |
_aWildiers, N. M. _9116833 |
|
| 700 | 1 |
_aPérez Gutiérrez, Francisco. _990927 |
|
| 830 | 0 |
_aEnsayistas de hoy ; _v67 _9180849 |
|
| 852 |
_aES-MaACL _jC-38520 _bR.75065 |
||
| 999 |
_c129105 _d129105 |
||